| 000 | 00398nam a2200145Ia 4500 | ||
|---|---|---|---|
| 008 | 230411s9999 xx 000 0 und d | ||
| 020 | _a0-7637-4976-1 | ||
| 041 | _aeng | ||
| 082 | _aAD/610.6/CLA/B05811 | ||
| 100 |
_aClark Carolyn _9178744 |
||
| 245 | _aCreative Nursing Leadership and Management | ||
| 260 |
_bJones and Bartlett _aBoston _c2009 |
||
| 300 | _a478p | ||
| 999 |
_c156295 _d156295 |
||